00369nam a2200145Ia 4500008004100000082001500041100001700056245002900073260002700102300000800129630002900137730002900166942000900195999001900204100122s9999 xx 000 0 und d b14498a823 aROBERTS MARY aRINEHART THE YELLOW ROOM bA LADDER EDITIONc1945 a256 aRINEHART THE YELLOW ROOM aRINEHART THE YELLOW ROOM cBOOK c444994d444991